Normal view MARC view

Entry Personal Name

Number of records used in: 1

001 - CONTROL NUMBER

  • control field: 1221335

003 - CONTROL NUMBER IDENTIFIER

  • control field: OSt

005 - DATE AND TIME OF LATEST TRANSACTION

  • control field: 20260324145001.0

008 - FIXED-LENGTH DATA ELEMENTS

  • fixed length control field: 260324|| aca||aabn | a|a d

040 ## - CATALOGING SOURCE

  • Original cataloging agency: OSt
  • Transcribing agency: OSt

100 ## - HEADING--PERSONAL NAME

  • Personal name: R. S. Nickerson; E. E. Smith; D. N. Perkins

670 ## - SOURCE DATA FOUND

  • Source citation: Work cat.: (OSt)1828624: R. S. Nickerson; E. E. Smith; D. N. Perkins, The Teaching of Thinking
Copyright @ Delhi University Library System